[Event "Basel Special op"]
[Site "Basel"]
[Date "2021.07.18"]
[Round "2"]
[White "Urh, Zala"]
[Black "Frei, Tiziano"]
[Result "1-0"]
[WhiteElo "2168"]
[BlackElo "1834"]
[PlyCount "63"]
[EventDate "2021.07.17"]
[EventType "swiss"]
[EventRounds "6"]
[EventCountry "SUI"]
[SourceTitle "CBM 203 Extra"]
[Source "ChessBase"]
[SourceDate "2021.09.30"]
[SourceVersion "1"]
[SourceVersionDate "2021.09.30"]
[SourceQuality "1"]

1. e4 c5 2. Nf3 Nc6 3. d4 cxd4 4. Nxd4 Nf6 5. Nc3 e5 6. Ndb5 d6 7. Nd5 Nxd5 8. exd5 Nb8 9. a4 Be7 10. Be2 0-0 11. 0-0 f5 12. b4 Bf6 13. a5 a6 14. Na3 f4 15. Ra2 g5 16. Nc4 e4 17. Nb6 Ra7 18. Bg4 Nd7 19. Be6+ Kh8 20. Nxc8 Qxc8 21. Qh5 Qc7 22. h4 gxh4 23. Bxf4 Ne5 24. Ra3 Nc4 25. Rh3 b5 26. Re1 e3 27. Bxe3 Nxe3 28. Rhxe3 Qxc2 29. Bf5 Qc7 30. Re8 Ra8 31. R1e7 Bxe7 32. Qxh7# 1-0

[Event "SUI-ch U12"]
[Site "Cham"]
[Date "2014.07.05"]
[Round "5"]
[White "Deveci, Sinan"]
[Black "Frei, Tiziano"]
[Result "0-1"]
[WhiteElo "1561"]
[BlackElo "1551"]
[PlyCount "100"]
[EventDate "2014.07.03"]
[EventType "swiss"]
[EventRounds "7"]
[EventCountry "SUI"]
[SourceTitle "CBM 161 Extra"]
[Source "ChessBase"]
[SourceDate "2014.08.29"]
[SourceVersion "1"]
[SourceVersionDate "2014.08.29"]
[SourceQuality "1"]

1. Nf3 Nf6 2. d4 g6 3. c4 c5 4. d5 b5 5. cxb5 a6 6. b6 Qxb6 7. Nc3 d6 8. e4 Bg7 9. Be2 0-0 10. 0-0 Nbd7 11. Nd2 a5 12. Kh1 Ba6 13. a4 Bxe2 14. Qxe2 Rfc8 15. Nc4 Qa6 16. Nb5 Nb6 17. Nxb6 Qxb6 18. Na3 Rcb8 19. Nc4 Qc7 20. Bd2 Nd7 21. Qe1 Bxb2 22. Rb1 Bg7 23. Rxb8+ Qxb8 24. Bxa5 Qb3 25. Qe2 Qxa4 26. Bd2 Qb5 27. Re1 Ra2 28. Ne3 Qxe2 29. Rxe2 Bc3 30. Nf1 Ne5 31. Bxc3 Rxe2 32. f3 Rc2 33. Ba5 Nd3 34. Kg1 f5 35. h3 Nf4 36. Ne3 Re2 37. Nc4 Rxg2+ 38. Kf1 Rc2 39. Ne3 Ra2 40. Bd8 Kf7 41. exf5 Re2 42. fxg6+ hxg6 43. Ng4 Ra2 44. Nh6+ Ke8 45. Bb6 Nxd5 46. Bxc5 dxc5 47. Ng4 g5 48. Kg1 c4 49. f4 Nxf4 50. h4 Rg2+ 0-1

[Event "SUI-ch U12"]
[Site "Cham"]
[Date "2014.07.03"]
[Round "2"]
[White "Frei, Tiziano"]
[Black "Chennaoui, Yasin"]
[Result "0-1"]
[WhiteElo "1551"]
[BlackElo "1671"]
[PlyCount "74"]
[EventDate "2014.07.03"]
[EventType "swiss"]
[EventRounds "7"]
[EventCountry "SUI"]
[SourceTitle "CBM 161 Extra"]
[Source "ChessBase"]
[SourceDate "2014.08.29"]
[SourceVersion "1"]
[SourceVersionDate "2014.08.29"]
[SourceQuality "1"]

1. e4 e5 2. Nf3 d6 3. Bc4 Bg4 4. h3 Bh5 5. 0-0 Nf6 6. d3 Nc6 7. Be3 Be7 8. Nbd2 Na5 9. Bb5+ c6 10. Ba4 b5 11. Bb3 0-0 12. c3 c5 13. Bg5 Nd7 14. Bxe7 Qxe7 15. Bd5 Rab8 16. b4 cxb4 17. cxb4 Nb7 18. a4 a6 19. axb5 axb5 20. Ra7 Nb6 21. Bc6 Nc8 22. Bxb5 Nxa7 23. Bc4 Nd8 24. Qa4 Ndc6 25. b5 Nd4 26. Nxd4 exd4 27. Ra1 Nc8 28. Nb3 Nb6 29. Qa6 Nxc4 30. dxc4 Qxe4 31. Qxd6 Rfd8 32. Qc5 Be2 33. Re1 d3 34. f3 Qe6 35. Kh1 Rbc8 36. Qa7 Qxc4 37. Rb1 d2 0-1